000 00365nam a22001577a 4500
003 OSt
005 20240410101646.0
008 190128b xxu||||| |||| 00| 0 eng d
020 _a9353167523
040 _cIIMT UNIVERSITY
100 _aDUGGAL SK
245 _aSURVEYING VOL-2
260 _aDELHI
_bMC GRAW HILL PUB
_c2012
300 _a449
942 _2ddc
_c02
_e3ED
999 _c44639
_d44639